Los intelectuales en las sociedades modernas
Salvato in:
| Autore principale: | |
|---|---|
| Natura: | Libro |
| Lingua: | spagnolo |
| Pubblicazione: |
Buenos Aires
Tres Tiempos
1976
|
| Serie: | Libros de Hoy Candente. Ensayos, 3
|
| Soggetti: | |
| Tags: |
Aggiungi Tag
Nessun Tag, puoi essere il primo ad aggiungerne!!
|
MARC
| LEADER | 00000nam a2200000 a 4500 | ||
|---|---|---|---|
| 001 | UCT8708 | ||
| 003 | CL-VaPUC | ||
| 008 | 970326e19760000AG |||||||||||||||||spa|d | ||
| 082 | 0 | 4 | |a 305.552 |b SHI |2 21 |
| 100 | 0 | |a Shils, Edward |e author |9 380656 | |
| 245 | 1 | 4 | |a Los intelectuales en las sociedades modernas |
| 300 | |a 327 p | ||
| 942 | |c BK | ||
| 945 | |d 19970326 00:00:00 |a paguirre | ||
| 260 | |a Buenos Aires |b Tres Tiempos |c 1976 | ||
| 650 | 7 | |a INTELECTUALISMO |2 CL-VaPUC |9 377120 | |
| 650 | 7 | |a ELITE |2 CL-VaPUC |9 374366 | |
| 650 | 7 | |a ESTRUCTURA SOCIAL |2 CL-VaPUC |9 380657 | |
| 650 | 0 | |a Sociedad |9 307903 | |
| 650 | 0 | |a Universidades |9 256317 | |
| 650 | 0 | |a Sociedad de masas |9 268060 | |
| 583 | |a last modification |c 19970326 00:00:00 |k Rodrigo Vera | ||
| 490 | 0 | |a Libros de Hoy Candente. Ensayos, 3 | |
| 999 | |c 257194 |d 257192 | ||
| 952 | |0 0 |1 0 |4 0 |6 305_552000000000000_SHI_1976 |7 0 |8 A |9 280468 |a BIBDER |b BIBDER |d 2019-11-19 |i 1815660 |o 305.552 SHI 1976 |p 1815660 |r 2023-01-25 |w 2019-11-19 |y BK |k DER | ||
| 952 | |0 0 |1 0 |4 0 |6 305_552000000000000_SHI_1976 |7 0 |8 A |9 280469 |a BIBENE |b BIBENE |d 2019-11-19 |i 1996002 |o 305.552 SHI 1976 |p 1996002 |r 2025-01-15 |w 2019-11-19 |y BK |k ICO | ||
| 952 | |0 0 |1 0 |4 0 |6 305_552000000000000_SHI_1976 |7 0 |8 A |9 280470 |a BIBGIM |b BIBGIM |d 2019-11-19 |i 3613852 |o 305.552 SHI 1976 |p 3613852 |r 2025-01-15 |w 2019-11-19 |y BK |k ORI | ||